Ideología y utopía: introducción a la sociología del conocimiento

Gorde:
Xehetasun bibliografikoak
Egile nagusia: Manheim, Karl (autor)
Formatua: Liburua
Hizkuntza:gaztelania
Argitaratua: Madrid Aguilar 1966
Edizioa:2a. ed
Saila:Colección Literaria
Gaiak:
Etiketak: Etiketa erantsi
Etiketarik gabe, Izan zaitez lehena erregistro honi etiketa jartzen!

MARC

LEADER 00000nam a2200000 a 4500
001 UCZ4640
003 CL-VaPUC
005 20250313110307.0
008 951110e19660000SP |||||||||||||||||spa|d
999 |c 241008  |d 241006 
040 |c Pontificia Universidad Católica de Valparaíso 
082 0 4 |a 121  |b MAN  |2 21 
100 |a Manheim, Karl  |e autor  |9 348654 
245 1 0 |a Ideología y utopía: introducción a la sociología del conocimiento 
250 |a 2a. ed 
260 |a Madrid  |b Aguilar  |c 1966 
300 |a 447 p 
490 0 |a Colección Literaria 
583 |a last modification  |c 19951110 00:00:00  |k Rodrigo Vera 
650 0 |a Teoría del conocimiento   |9 255038 
650 0 |a Ideologías  |9 255200 
650 0 |a Filosofía política  |9 295215 
650 0 |a Sociología   |9 255410 
942 |c BK  |2 ddc 
945 |d 19951110 00:00:00  |a cmena 
952 |0 0  |1 0  |4 0  |6 121_000000000000000_MAN_1966  |7 0  |8 P  |9 253145  |a BIBEDU  |b BIBEDU  |c BIBEDU_PB  |d 2019-11-19  |i 1596756  |l 1  |o 121 MAN 1966  |p 1596756  |r 2024-04-10  |s 2024-04-03  |w 2019-11-19  |y BK  |k FIL